[Event "FRA-chT2 South 0708"]
[Site "France"]
[Date "2008.01.20"]
[Round "6.7"]
[White "Bressac, Stephane"]
[Black "Boksenbaum, Claude"]
[Result "1-0"]
[WhiteElo "1997"]
[BlackElo "1660"]
[PlyCount "45"]
[EventDate "2007.10.21"]
[EventType "team"]
[EventRounds "11"]
[EventCountry "FRA"]
[SourceTitle "EXT 2009"]
[Source "ChessBase"]
[SourceDate "2008.11.26"]
[SourceVersion "1"]
[SourceVersionDate "2008.11.26"]
[SourceQuality "1"]
[WhiteTeam "Nice"]
[BlackTeam "Montpellier Diagonale"]
[WhiteTeamCountry "FRA"]
[BlackTeamCountry "FRA"]

1. e4 g6 2. d4 Bg7 3. Nc3 d6 4. Be3 Nf6 5. f3 0-0 6. Qd2 c6 7. h4 h5 8. 0-0-0 a5 9. Bh6 b5 10. g4 hxg4 11. h5 gxf3 12. Bxg7 Kxg7 13. hxg6 Rh8 14. Rxh8 Qxh8 15. gxf7 Qh5 16. e5 dxe5 17. dxe5 Nh7 18. Bd3 Bf5 19. Kb1 Kxf7 20. Bxf5 Qxf5 21. Rf1 Qxe5 22. Nxf3 Qf6 23. Nh2 1-0